000
00314 a2200109 4500
001
ART_31280
005
20260410161840.0
008
260409a
245
1
0
_a
La enseñanza de la contabilidad pública
100
1
_a
Atchabahian, Adolfo
773
0
_t
RAP
_g
- Año 36, Nº 422 (nov. 2013)
_w
REV5941
999
_c
24017
_d
24017